| 000 | 02576cam a2200385 a 4500 | ||
|---|---|---|---|
| 999 |
_c113194 _d113194 |
||
| 003 | BJBSDDR | ||
| 005 | 20230411090139.0 | ||
| 007 | ta | ||
| 008 | 190910s2000 nyua b 001 0 eng | ||
| 020 | _a0393047652 | ||
| 040 |
_aDLC _cDLC _bspa |
||
| 041 | _aspa | ||
| 043 | _an-us-ny | ||
| 050 | 0 | 0 |
_aNA 6313 _bB438g 2000 |
| 082 | 0 | 0 |
_a725/.31/097471 _221 |
| 100 | 1 | _aBelle, John. | |
| 245 | 1 | 0 |
_aGrand Central : _bgateway to a million lives / _cJohn Belle [and] Maxinne R. Leighton. |
| 250 | _a1st ed. | ||
| 260 |
_aNew York : _bNorton, _cc2000. |
||
| 300 |
_avii, 230 p. : _bill. (some col.) ; _c28 cm. |
||
| 504 | _aIncludes bibliographical references (p. 214-220) and index. | ||
| 505 | _aChapter 1. Saving an archetype -- Chapter 2. Life before the terminal -- Chapter 3. How Grand Central became grand -- Chapter 4. Real estate and train travel -- Chapter 5. Home to the nation -- Chapter 6. Grand Central of the imagination -- Chapter 7. The decline of Grand Central -- Chapter 8. The restoration cast assembles -- Chapter 9. Grand Central is reborn -- Chapter 10. Grand Central as a bazaar -- Chapter 11. Into the Twenty-first Century. | ||
| 520 | _a This is the story of Grand Central Terminal in New York City, a remarkable and beautiful building whose birth, survival, and restoration reflect the critical role architecture plays in the expansion of our cities. It begins with the historic struggle to save Grand Central in the wake of the destruction of Penn Station and in the face of economic forces in the real estate industry that were intent on its demise. There follows a chronological history of the previous two stations on the site, including construction of the present building. The text and photographs prvide a fascinating firsthand account of the $400 million restoration, enlivened by the grand and anecdotal stories that involve the great building | ||
| 610 | 2 | 0 | _aGrand Central Terminal (New York, N.Y.) |
| 610 | 2 | 0 | _aWarren & Wetmore. |
| 650 | 0 |
_aRailroad stations _xConservation and restoration _zNew York (State) _zNew York. |
|
| 650 | 4 |
_aEstaciones de ferrocarril _xConservación y restauración _zNueva York _97769 |
|
| 651 | 0 |
_aNew York (N.Y.) _xBuildings, structures, etc. _xConservation and restoration. |
|
| 700 | 1 |
_aLeighton, Maxinne Rhea. _97741 |
|
| 906 |
_a7 _bcbc _corignew _d1 _eocip _f19 _gy-gencatlg |
||
| 942 |
_2lcc _cBK |
||
| 946 | _iLYD | ||